| 000 | 01139cam a2200241 4500 | ||
|---|---|---|---|
| 001 | WB4017-14 | ||
| 008 | 040506n2004 000 0 eng u | ||
| 035 | _a(Sirsi) u126112 | ||
| 245 | _aResidential property top performer | ||
| 260 | _c2004 | ||
| 490 |
_aIPD Press Release _v 1 May 2004 (4) |
||
| 520 | _aThe latest IPD figures reveal a total return to UK residential investors of 11.5% in 2003. The "UK residential investment index" shows that residential has been the top performing UK investment property sector over the past three years, returning 16.2% a year, compared with 9.1% for commercial property. Central and inner London experienced a total return of below 5%, compared with nearly 25% in northern England and Scotland, highlighting regional differences. Table. http://www.ipdindex.co.uk/about_ipd/press_releases /residential_pr03.asp | ||
| 590 | _aWB | ||
| 590 | _aWB | ||
| 650 | _aSURVEYS | ||
| 650 | _aIPD RESIDENTIAL INDEX | ||
| 650 | _aRESIDENTIAL INVESTMENT MARKET | ||
| 650 | _aCOMMERCIAL PROPERTY MARKET | ||
| 650 | _aTOTAL RETURNS | ||
| 650 | _aPERFORMANCE | ||
| 690 | _aINVESTMENT | ||
| 942 | _n0 | ||
| 999 |
_c117302 _d117302 |
||